000 00916nam a22002537a 4500
003 DO-SdBNP
005 20210928141256.0
007 ta
008 210831e2018 dr abc|er|||| 001 0 spa d
040 _aDO-SdBNP
_bspa
_cBNPHU
041 _hspa
082 4 _222
_bH694g
100 1 _aHoepelman, Virgilio A.
_979673
245 0 0 _aGuía de arquitectura San Pedro de Macorís :
_bserie 023 /
_cVirgilio A. Hoepelman; Melisa Vargas , ed. ; Yin Lai Trinidad, fot.
260 _a[Santo Domingo] :
_bCooperación Española,
_c2019
300 _a83 p. :
_bil., mapas, retr. ;
_c25 cm.
500 _aIncluye datos biográficos de los autores.
500 _aIncluye bibliografía: p. 82.
590 _aInventariado 2021 / MF
700 1 2 _aVargas, Melisa,
_979675
_4ed.
700 1 2 _aTrinidad, Yin Lai,
_efot.
_980062
710 _aAgencia de Cooperacion Intenacional para el Desarrollo (AECID)
_980063
942 _2ddc
_cLBS1
999 _c50350
_d50350